000 00793nam a2200205Ia 4500
001 17113
003 GE_BSU
008 181216s||||||||xx |||||||||||||| ||und||
040 _cGE_BSU
080 _a821.353.1-91-1 + 398(479.223)
245 _aაჭარის ხალხური მთქმელები
245 _bაჭარის ასსრ კულტ. სამ., ხალხ. შემოქმედების საოლქო სახლი.
245 _cრედ.ნ.მალაზონია
260 _aბათუმი
260 _bაჭარის ასსრ სახელგამი
260 _c1956
300 _a124გვ. ; 15სმ.
653 _aაჭარის ხალხური მთქმელები
942 _cBK
999 _c50175
_d50175